| Tag |
First Indicator |
Second Indicator |
Subfields |
| LEADER |
00000cam a22000008a 4500 |
| 001 |
in00000783321 |
| 005 |
20151017060202.0 |
| 008 |
881107s1989 nyua 00110aeng |
| 010 |
|
|
|a 88043229
|
| 020 |
|
|
|a 0394575385 :
|c $25.00
|
| 035 |
|
|
|a (OCoLC)18779519
|
| 035 |
|
|
|9 ADM2984AM
|
| 040 |
|
|
|a DLC
|c DLC
|d TXA
|d UtOrBLW
|
| 043 |
|
|
|a n-us---
|
| 049 |
|
|
|a TXAM
|c [A11957885]
|
| 050 |
0 |
0 |
|a PS3560.O49
|b Z48 1989
|
| 082 |
0 |
|
|a 813/.54
|a B
|2 19
|
| 100 |
1 |
|
|a Jones, James,
|d 1921-1977.
|
| 245 |
1 |
0 |
|a To reach eternity :
|b the letters of James Jones /
|c edited and with a biographical introduction by George Hendrick ; foreword by William Styron.
|
| 250 |
|
|
|a 1st ed.
|
| 263 |
|
|
|a 8904
|
| 264 |
|
1 |
|a New York :
|b Random House,
|c [1989]
|
| 264 |
|
4 |
|c ©1989
|
| 300 |
|
|
|a xxxi, 380 pages :
|b illustrations
|
| 336 |
|
|
|a text
|b txt
|2 rdacontent
|
| 337 |
|
|
|a unmediated
|b n
|2 rdamedia
|
| 338 |
|
|
|a volume
|b nc
|2 rdacarrier
|
| 500 |
|
|
|a Includes index.
|
| 600 |
1 |
0 |
|a Jones, James,
|d 1921-1977
|x Correspondence.
|
| 650 |
|
0 |
|a Novelists, American
|y 20th century
|v Correspondence.
|
| 700 |
1 |
|
|a Hendrick, George.
|
| 999 |
|
|
|a MARS
|
| 999 |
f |
f |
|s dcf4d3af-2368-374e-b313-1bd525a4183b
|i f2c9cc19-4e66-35a1-a819-e49695a36d02
|t 0
|
| 952 |
f |
f |
|p ric
|a Texas A&M University
|b Rellis Campus
|c Joint Library Facility
|d Remote Storage
|t 0
|e PS3560.O49 Z48 1989
|h Library of Congress classification
|i unmediated -- volume
|m A14811957885
|
| 998 |
f |
f |
|a PS3560.O49 Z48 1989
|t 0
|l Remote Storage
|